Costa Atlántica de Centroamérica y sus relaciones con el Caribe Insular /

Збережено в:
Бібліографічні деталі
Автор: Smith Wiltshire, David A
Інші автори: Murillo, Carmen María
Формат: Текст
Опубліковано: San José: CSUCA
Теги: Додати тег
Немає тегів, Будьте першим, хто поставить тег для цього запису!

MARC

LEADER 00000 a a2200000 04500
001 21616
003
040
090 |a 096100  
100 |a Smith Wiltshire, David A  
245 |a Costa Atlántica de Centroamérica y sus relaciones con el Caribe Insular /  |c David A. Smith Wiltshire 
260 |a San José:   |b CSUCA  
300 |a 38 p.  
700 |a Murillo, Carmen María  
999 |c 15142  |d 15142